[Event "Valle Region-ch U14"]
[Site "Cali"]
[Date "2009.11.??"]
[Round "2.10"]
[White "Montoya, Angel Gabriel"]
[Black "Rosero, Jefferson"]
[Result "0-1"]
[WhiteElo "1500"]
[BlackElo "1516"]
[PlyCount "50"]
[EventDate "2009.11.14"]
[EventType "tourn"]
[EventRounds "7"]
[EventCountry "COL"]
[SourceTitle "EXT 2024"]
[Source "ChessBase"]
[SourceDate "2023.10.10"]
[SourceVersion "1"]
[SourceVersionDate "2023.10.10"]
[SourceQuality "1"]

1. e4 c5 2. Nc3 Nc6 3. Nf3 e5 4. Bc4 Be7 5. Nd5 Nf6 6. Nxe7 Qxe7 7. d3 0-0 8. 0-0 d6 9. c3 Bg4 10. h3 Bh5 11. d4 Bxf3 12. Qxf3 cxd4 13. cxd4 Nxd4 14. Qd3 Nd7 15. b4 a5 16. bxa5 Rxa5 17. Qc3 Rc5 18. Be3 Ne2+ 19. Bxe2 Rxc3 20. Rac1 Rfc8 21. Rxc3 Rxc3 22. Rc1 Rxc1+ 23. Bxc1 Nb6 24. Ba6 Nd7 25. Be2 Nc5 0-1

[Event "Valle Region-ch U14"]
[Site "Cali"]
[Date "2009.11.??"]
[Round "4.8"]
[White "Norena, Wilder"]
[Black "Montoya, Angel Gabriel"]
[Result "1-0"]
[WhiteElo "1540"]
[BlackElo "1500"]
[PlyCount "97"]
[EventDate "2009.11.14"]
[EventType "tourn"]
[EventRounds "7"]
[EventCountry "COL"]
[SourceTitle "EXT 2024"]
[Source "ChessBase"]
[SourceDate "2023.10.10"]
[SourceVersion "1"]
[SourceVersionDate "2023.10.10"]
[SourceQuality "1"]

1. e4 e5 2. Nf3 Nc6 3. d4 exd4 4. Nxd4 Nxd4 5. Qxd4 d6 6. Nc3 Be7 7. Qxg7 Bf6 8. Qg3 Qe7 9. Bd3 Bd7 10. Be3 a6 11. Nd5 Qe5 12. Qxe5+ Bxe5 13. Nxc7+ Kd8 14. Nxa8 Bxb2 15. Rb1 Bc3+ 16. Bd2 Bxd2+ 17. Kxd2 Nf6 18. Rxb7 Rg8 19. Rb8+ Ke7 20. Rxg8 Nxg8 21. Bxa6 Bc6 22. Nb6 Bxe4 23. Re1 d5 24. Nxd5+ Kd6 25. Rxe4 Kxd5 26. Bb7+ Kd6 27. a4 Ne7 28. Rxe7 Kxe7 29. a5 Kd7 30. a6 Kc7 31. f4 f5 32. g4 fxg4 33. f5 h5 34. Ke3 h4 35. Kf2 Kb8 36. f6 Kc7 37. f7 Kb8 38. f8Q+ Ka7 39. Qb4 g3+ 40. hxg3 hxg3+ 41. Kxg3 Kb8 42. Bc8+ Kc7 43. a7 Kxc8 44. a8R+ Kd7 45. Qb7+ Kd6 46. Ra6+ Ke5 47. Qb5+ Kd4 48. Ra4+ Ke3 49. Qd3# 1-0